|
|
|
|
| LEADER |
00000 a2200000 4500 |
| 001 |
RU/ROS-EDU.RU/126384 |
| 856 |
4 |
|
|u https://www.ros-edu.ru/book?id=126384
|z Перейти к просмотру издания
|
| 010 |
|
|
|a 978-5-00175-143-4
|
| 100 |
|
|
|a 20220101d2022 |||y0rusy0250
|
| 105 |
|
|
|a y z 000zy
|
| 101 |
0 |
|
|a rus
|
| 102 |
|
|
|a RU
|
| 200 |
1 |
|
|a Орнаментальное искусство
|b Электронный ресурс
|e Учебно-методическое пособие
|f И. И. Орлов
|
| 700 |
|
1 |
|b И. И.
|a Орлов
|4 070
|
| 330 |
|
|
|a В учебно-методическом пособии представлена специфика художественных взаимоотношений и ключевых понятий: проект, художественный образ орнамента, виды симметрии в орнаментах, особенности использования композиционных средств в орнаментах. Учебно-методическое пособие предназначено для подготовки студентов направлений подготовки 54.03.01 «Дизайн» и 29.03.04 «Технология художественной обработки материалов» к практическим занятиям по дисциплине «Орнаментальное искусство».
|
| 210 |
|
|
|a Липецк
|c Липецкий государственный технический университет, ЭБС АСВ
|d 2022
|
| 610 |
1 |
|
|a орнаментальное искусство
|
| 610 |
1 |
|
|a орнаментальные мотивы
|
| 610 |
1 |
|
|a геральдический орнамент
|
| 610 |
1 |
|
|a структура орнамента
|
| 675 |
|
|
|a 72.03
|
| 686 |
|
|
|a 85.1
|2 rubbk
|
| 300 |
|
|
|a Книга находится в премиум-версии платформы «Русский как иностранный».
|
| 215 |
|
|
|a 94 с.
|